| 000 | 00543nam a22001697a 4500 | ||
|---|---|---|---|
| 008 | 130228t xxu||||| |||| 00| 0 eng d | ||
| 020 | _a9-7804-1404-8478 | ||
| 082 |
_222 ed. _a345.05 ARC |
||
| 100 |
_aEdited by Barnes,Barbra _96944 |
||
| 245 |
_aArchbold : _bmagistrates'courts criminal practice 2012 / _cEdited by Barbra Barnes |
||
| 260 |
_aUK : _bThomson Reuters _c2011 |
||
| 300 |
_aclxxxii, 23888 P. ; _c 24 cm. |
||
| 500 | _aIncludes Index | ||
| 650 |
_aArchbold _96945 |
||
| 650 |
_acriminal practice 2012 _96946 |
||
| 942 |
_2ddc _cBK |
||
| 999 |
_c5280 _d5280 |
||